[Event "PRVA LIGA CENTRALNE SRBIJE 2018."]
[Site "Kragujevac,hotel Sumarice"]
[Date "2018.09.20"]
[Round "9.1"]
[White "Ivanov, Mikhail M"]
[Black "Marinkovic, Ivan"]
[Result "1/2-1/2"]
[WhiteElo "2367"]
[BlackElo "2459"]
[PlyCount "20"]
[EventDate "2018.09.14"]
[WhiteTeam "Sabacki SK Sabac"]
[BlackTeam "Borac Cacak"]

1. Nf3 Nf6 2. c4 c5 3. Nc3 b6 4. d4 cxd4 5. Nxd4 Bb7 6. f3 e6 7. e4 d6 8. Be2
Be7 9. O-O O-O 10. Be3 a6 1/2-1/2

[Event "PRVA LIGA CENTRALNE SRBIJE 2018."]
[Site "Kragujevac,hotel Sumarice"]
[Date "2018.09.20"]
[Round "9.1"]
[White "Mirkovic, Stevan"]
[Black "Radovanovic, Jovica"]
[Result "1/2-1/2"]
[WhiteElo "2307"]
[BlackElo "2322"]
[PlyCount "23"]
[EventDate "2018.09.14"]
[WhiteTeam "Borac Cacak"]
[BlackTeam "Sabacki SK Sabac"]

1. Nf3 c5 2. c4 g6 3. d4 cxd4 4. Nxd4 Bg7 5. e4 Nc6 6. Be3 Nf6 7. Nc3 d6 8. Be2
O-O 9. O-O Bd7 10. Qd2 Nxd4 11. Bxd4 Bc6 12. f3 1/2-1/2

[Event "PRVA LIGA CENTRALNE SRBIJE 2018."]
[Site "Kragujevac"]
[Date "2018.09.20"]
[Round "9.2"]
[White "Zajic, Milan"]
[Black "Csonka, Balazs"]
[Result "1/2-1/2"]
[WhiteElo "2497"]
[BlackElo "2450"]
[Annotator "Balkanchess"]
[PlyCount "87"]
[EventDate "2018.??.??"]
[WhiteClock "0:04:10"]
[BlackClock "0:20:57"]

1. e4 c6 2. d4 d5 3. Nd2 dxe4 4. Nxe4 Bf5 5. Ng3 Bg6 6. h4 h6 7. Nf3 e6 8. Ne5
Bh7 9. Bd3 Bxd3 10. Qxd3 Nd7 11. Bf4 Nxe5 12. Bxe5 Qa5+ 13. c3 Nf6 14. Ne4 Nxe4
15. Qxe4 Qd5 16. Qxd5 exd5 17. h5 f6 18. Bf4 Kf7 19. Ke2 Be7 20. Kf3 Rhe8 21.
a4 Bf8 22. Rhe1 Rxe1 23. Rxe1 Re8 24. Rxe8 Kxe8 25. Kg4 Kf7 26. Kf5 a6 27. a5
Be7 28. Bc7 Bf8 29. g4 Be7 30. f4 Bf8 31. g5 fxg5 32. fxg5 hxg5 33. Kxg5 Be7+
34. Kf5 Bh4 35. b3 Bf2 36. Bb6 Be1 37. c4 Bg3 38. cxd5 cxd5 39. Bd8 Bd6 40. Bg5
Bb4 41. Bd8 Bd6 42. Bb6 Bg3 43. Bc5 Bc7 44. Bb6 1/2-1/2

[Event "PRVA LIGA CENTRALNE SRBIJE 2018."]
[Site "Kragujevac"]
[Date "2018.09.20"]
[Round "9.2"]
[White "Stankovic, Milos"]
[Black "Perunovic, Miodrag"]
[Result "1/2-1/2"]
[WhiteElo "2443"]
[BlackElo "2433"]
[Annotator "Balkanchess"]
[PlyCount "20"]
[EventDate "2018.??.??"]
[WhiteClock "1:08:38"]
[BlackClock "0:57:27"]

1. e4 e6 2. d4 d5 3. Nc3 Bb4 4. exd5 exd5 5. Bd3 Nc6 6. a3 Bxc3+ 7. bxc3 Nge7
8. Qf3 Be6 9. Ne2 Qd7 10. Ng3 O-O-O 1/2-1/2

[Event "PRVA LIGA CENTRALNE SRBIJE 2018."]
[Site "Kragujevac"]
[Date "2018.09.20"]
[Round "9.2"]
[White "Radovanovic, Dusan"]
[Black "Dudukovic, Nikola"]
[Result "1/2-1/2"]
[WhiteElo "2321"]
[BlackElo "2404"]
[Annotator "Balkanchess"]
[PlyCount "20"]
[EventDate "2018.??.??"]
[WhiteClock "1:34:15"]
[BlackClock "1:32:44"]

1. d4 d5 2. c4 e6 3. Nc3 Nf6 4. Bg5 Be7 5. e3 O-O 6. cxd5 exd5 7. Bd3 Nbd7 8.
Qc2 Re8 9. Nf3 Nf8 10. O-O g6 1/2-1/2

[Event "PRVA LIGA CENTRALNE SRBIJE 2018."]
[Site "Kragujevac"]
[Date "2018.09.20"]
[Round "9.2"]
[White "Nestorovic, Dejan"]
[Black "Pavlovic, Dejan S"]
[Result "1-0"]
[WhiteElo "2340"]
[BlackElo "2396"]
[Annotator "Balkanchess"]
[PlyCount "65"]
[EventDate "2018.??.??"]
[WhiteClock "0:01:50"]
[BlackClock "0:01:25"]

1. d4 Nf6 2. c4 g6 3. Nc3 d5 4. cxd5 Nxd5 5. e4 Nxc3 6. bxc3 Bg7 7. Bc4 c5 8.
Ne2 O-O 9. Be3 cxd4 10. cxd4 Qa5+ 11. Bd2 Qh5 12. O-O Nc6 13. Bc3 b5 14. Bd5
Bd7 15. Rc1 Rac8 16. Qd3 Bh6 17. Bd2 Bxd2 18. Qxd2 e6 19. Bb3 Qh4 20. Ng3 Rfd8
21. Rfd1 Be8 22. d5 Ne7 23. Qa5 exd5 24. Rxc8 Nxc8 25. exd5 Qf6 26. Ne4 Qe7 27.
Re1 Nb6 28. Qc3 Nd7 29. d6 Qh4 30. g3 Qg4 31. Nf6+ Nxf6 32. Qxf6 Rc8 33. Rxe8+
1-0

[Event "PRVA LIGA CENTRALNE SRBIJE 2018."]
[Site "Kragujevac"]
[Date "2018.09.20"]
[Round "9.2"]
[White "Dimitrijevic, Radmilo"]
[Black "Marcetic, Nikola"]
[Result "0-1"]
[WhiteElo "2247"]
[BlackElo "2333"]
[Annotator "Balkanchess"]
[PlyCount "72"]
[EventDate "2018.??.??"]
[WhiteClock "0:06:21"]
[BlackClock "0:13:37"]

1. e4 c5 2. Nc3 Nc6 3. g3 g6 4. Bg2 Bg7 5. d3 Rb8 6. Be3 d6 7. Qd2 b5 8. Nge2
b4 9. Nd1 Nd4 10. c3 bxc3 11. bxc3 Nxe2 12. Qxe2 Nf6 13. h3 O-O 14. O-O Nd7 15.
Qd2 Ba6 16. f4 Qa5 17. Rc1 Qa3 18. Rf2 Rb6 19. Bf1 Rfb8 20. Rc2 R8b7 21. Rc1
Nb8 22. Rc2 Rb1 23. d4 Bxf1 24. Rxf1 Nd7 25. f5 Nf6 26. fxg6 hxg6 27. e5 Ne4
28. Qg2 d5 29. Qf3 e6 30. h4 Qa4 31. Rg2 Qc4 32. h5 Nxc3 33. hxg6 Qxf1+ 34.
Kxf1 Rxd1+ 35. Kf2 Rb2+ 36. Bd2 Rbxd2+ 0-1

[Event "PRVA LIGA CENTRALNE SRBIJE 2018."]
[Site "Kragujevac"]
[Date "2018.09.20"]
[Round "9.3"]
[White "Draskovic, Luka"]
[Black "Ristic, Nenad"]
[Result "1-0"]
[WhiteElo "2449"]
[BlackElo "2359"]
[Annotator "Balkanchess"]
[PlyCount "73"]
[EventDate "2018.??.??"]
[WhiteClock "0:03:58"]
[BlackClock "0:08:40"]

1. e4 c5 2. Nf3 d6 3. d4 cxd4 4. Nxd4 Nf6 5. Nc3 g6 6. Be3 Bg7 7. f3 O-O 8. Qd2
Nc6 9. g4 Qa5 10. Nb3 Qc7 11. g5 Nh5 12. Nd5 Qd8 13. O-O-O Be6 14. Be2 a5 15.
Kb1 a4 16. Nc1 a3 17. b3 f5 18. gxf6 Nxf6 19. h4 Ne5 20. Nxf6+ Bxf6 21. h5 gxh5
22. Rxh5 Bf7 23. Rh2 Rc8 24. f4 Nd7 25. Rg1+ Kh8 26. Bb5 Bg8 27. e5 dxe5 28.
Bxd7 exf4 29. Bxc8 Qxc8 30. Qd3 Rd8 31. Rxg8+ Kxg8 32. Qxh7+ Kf8 33. Qh6+ Kf7
34. Qh5+ Kf8 35. Bxf4 Qc3 36. Bh6+ Bg7 37. Rf2+ 1-0

[Event "PRVA LIGA CENTRALNE SRBIJE 2018."]
[Site "Kragujevac"]
[Date "2018.09.20"]
[Round "9.3"]
[White "Todorovic, Goran N"]
[Black "Djordjevic, Vuk"]
[Result "1/2-1/2"]
[WhiteElo "2326"]
[BlackElo "2404"]
[Annotator "Balkanchess"]
[PlyCount "96"]
[EventDate "2018.??.??"]
[WhiteClock "0:22:01"]
[BlackClock "0:23:34"]

1. c4 e5 2. Nc3 Nc6 3. Nf3 g6 4. d4 exd4 5. Nxd4 Bg7 6. Nxc6 bxc6 7. g3 Ne7 8.
Bg2 O-O 9. O-O Rb8 10. Qa4 d6 11. Rd1 c5 12. Qc2 a5 13. Rb1 Bf5 14. Be4 Qd7 15.
Bxf5 Nxf5 16. e3 Nh6 17. Bd2 Qh3 18. Qe4 Ng4 19. Qg2 Qh5 20. b3 Ne5 21. Nd5 a4
22. h3 axb3 23. axb3 Rxb3 24. g4 Rxb1 25. Rxb1 Qh4 26. Rc1 c6 27. Nf4 f5 28.
Bc3 fxg4 29. hxg4 Qe7 30. Bxe5 dxe5 31. Qe4 Qh4 32. Nd3 h5 33. Kg2 hxg4 34. Rh1
Qg5 35. Kf1 Qf5 36. Qxf5 gxf5 37. Nxc5 f4 38. Kg2 g3 39. exf4 Rxf4 40. f3 Rxc4
41. Ne4 Rc2+ 42. Kxg3 Kf7 43. Rd1 Bf8 44. Kg4 Kg6 45. Rd8 Ba3 46. Rg8+ Kf7 47.
Ra8 Be7 48. Kf5 Rc5 1/2-1/2

[Event "PRVA LIGA CENTRALNE SRBIJE 2018."]
[Site "Kragujevac"]
[Date "2018.09.20"]
[Round "9.3"]
[White "Radovanovic, Mihajlo"]
[Black "Ristic, Nebojsa M"]
[Result "1-0"]
[WhiteElo "2427"]
[BlackElo "2361"]
[Annotator "Balkanchess"]
[PlyCount "73"]
[EventDate "2018.??.??"]
[WhiteClock "0:41:21"]
[BlackClock "0:02:09"]

1. Nf3 Nf6 2. c4 d6 3. d4 g6 4. g3 Bg7 5. Bg2 O-O 6. O-O c6 7. Nc3 Qa5 8. h3 e5
9. e4 Be6 10. d5 cxd5 11. cxd5 Bd7 12. a3 Rc8 13. Bd2 Na6 14. b4 Qd8 15. Qb3 h6
16. Ne1 Be8 17. Nd3 Nd7 18. Rac1 Nb6 19. Nb2 Rc7 20. Rfe1 f5 21. exf5 gxf5 22.
a4 Rf7 23. a5 Nd7 24. Nc4 Nf6 25. f4 e4 26. Ne3 Bd7 27. Ne2 Nc7 28. Nd4 Nfxd5
29. Nexf5 Bxf5 30. Nxf5 Rxf5 31. Bxe4 Rf7 32. Bxd5 Nxd5 33. Qxd5 Qd7 34. Re6
Rc8 35. Rxc8+ Qxc8 36. Re7 Bd4+ 37. Kh2 1-0

[Event "PRVA LIGA CENTRALNE SRBIJE 2018."]
[Site "Kragujevac"]
[Date "2018.09.20"]
[Round "9.3"]
[White "Rajkovic, Dusan"]
[Black "Pezelj, Novak"]
[Result "0-1"]
[WhiteElo "2322"]
[BlackElo "2457"]
[Annotator "Balkanchess"]
[PlyCount "90"]
[EventDate "2018.??.??"]
[WhiteClock "0:33:11"]
[BlackClock "0:40:01"]

1. d4 d6 2. c4 e5 3. Nf3 e4 4. Ng5 f5 5. Nc3 Be7 6. Nh3 c6 7. d5 Nd7 8. b3 Ngf6
9. e3 O-O 10. Be2 Ne5 11. O-O Qe8 12. dxc6 bxc6 13. Ba3 Qd8 14. Qd2 Qc7 15.
Rfd1 Rd8 16. Rac1 Bf8 17. Bb2 Qf7 18. f4 exf3 19. gxf3 Qh5 20. Kg2 Ng6 21. Ng1
f4 22. e4 Re8 23. Kh1 Qh6 24. c5 dxc5 25. Bc4+ Be6 26. Bxe6+ Rxe6 27. Nce2 Nh5
28. Qc2 Nh4 29. Qc4 Ng3+ 30. Nxg3 fxg3 31. Rc2 g2+ 32. Rxg2 Nxg2 33. Kxg2 Kh8
34. Ne2 Bd6 35. Ng3 Rae8 36. Bc1 Qh4 37. Be3 Rg6 38. Bf2 Rh6 39. Bg1 Qh3+ 40.
Kf2 Rg6 41. Qf7 Bxg3+ 42. hxg3 Qxg3+ 43. Ke2 Qe5 44. Bxc5 Rf6 45. Qd7 Qh2+ 0-1

[Event "PRVA LIGA CENTRALNE SRBIJE 2018."]
[Site "Kragujevac"]
[Date "2018.09.20"]
[Round "9.3"]
[White "Mijailovic, Zoran"]
[Black "Ilic, Zoran S"]
[Result "1/2-1/2"]
[WhiteElo "2400"]
[BlackElo "2307"]
[Annotator "Balkanchess"]
[PlyCount "42"]
[EventDate "2018.??.??"]
[WhiteClock "0:43:27"]
[BlackClock "0:41:43"]

1. Nf3 c5 2. c4 Nc6 3. d4 cxd4 4. Nxd4 Nf6 5. Nc3 Qb6 6. Nb3 e6 7. a3 Be7 8. e4
O-O 9. Be2 d6 10. O-O Ne5 11. Be3 Qc7 12. Rc1 b6 13. f4 Ng6 14. Nd4 Re8 15. Bd3
Bf8 16. b4 Bb7 17. Nb3 Rad8 18. Bd4 e5 19. Nd5 Bxd5 20. cxd5 Qd7 21. fxe5 Nxe5
1/2-1/2

[Event "PRVA LIGA CENTRALNE SRBIJE 2018."]
[Site "Kragujevac"]
[Date "2018.09.20"]
[Round "9.3"]
[White "Stankovic, Dragan P"]
[Black "Rajkovic, Mladen"]
[Result "0-1"]
[WhiteElo "2229"]
[BlackElo "2304"]
[Annotator "Balkanchess"]
[PlyCount "104"]
[EventDate "2018.??.??"]
[WhiteClock "0:29:15"]
[BlackClock "0:38:58"]

1. g3 e5 2. c4 Nf6 3. Bg2 c6 4. d4 Bb4+ 5. Nc3 Qa5 6. dxe5 Bxc3+ 7. bxc3 Qxc3+
8. Bd2 Qxe5 9. Nf3 Qe7 10. O-O d5 11. cxd5 cxd5 12. Bc3 Be6 13. Qa4+ Nc6 14.
Nd4 O-O 15. Nxc6 bxc6 16. Qxc6 Rac8 17. Bxf6 Qxf6 18. Qb5 Qc3 19. Bf3 Rc5 20.
Qb7 Rc7 21. Qa6 g6 22. Rac1 Qxc1 23. Rxc1 Rxc1+ 24. Kg2 Rc7 25. h4 h5 26. Qd3
Rfc8 27. Bxd5 Rd7 28. e4 Bxd5 29. exd5 Rc5 30. d6 Rc6 31. Qe3 Rcxd6 32. Qe8+
Kg7 33. a4 a6 34. a5 Rd5 35. Qc8 R7d6 36. Qc3+ Rf6 37. f3 Rdf5 38. f4 Kh7 39.
Qd4 Rc6 40. Qd3 Rxa5 41. Qd7 Rf6 42. Qd8 Raf5 43. Kh3 a5 44. Qe7 Ra6 45. Qb7
Rff6 46. g4 hxg4+ 47. Kxg4 a4 48. h5 gxh5+ 49. Kxh5 a3 50. Qe4+ Kh8 51. Qe5 a2
52. Qa1 Kg8 0-1

[Event "PRVA LIGA CENTRALNE SRBIJE 2018."]
[Site "Kragujevac"]
[Date "2018.09.20"]
[Round "9.4"]
[White "Mladenovic, Stefan"]
[Black "Simic, Dragisa"]
[Result "1/2-1/2"]
[WhiteElo "2355"]
[BlackElo "2299"]
[Annotator "Balkanchess"]
[PlyCount "64"]
[EventDate "2018.??.??"]
[WhiteClock "0:04:59"]
[BlackClock "0:04:39"]

1. d4 c5 2. d5 g6 3. Nc3 Nf6 4. e4 d6 5. Be2 Bg7 6. Nf3 O-O 7. O-O Na6 8. Nd2
Nc7 9. a4 b6 10. Nc4 Ba6 11. Na3 Bb7 12. Bf4 Nfe8 13. Qd2 e6 14. Bc4 exd5 15.
exd5 a6 16. Rfe1 Nf6 17. Rad1 Qd7 18. h3 Rfe8 19. Qd3 Rxe1+ 20. Rxe1 Re8 21.
Rxe8+ Nfxe8 22. Nab1 Qe7 23. Nd2 Qe1+ 24. Kh2 Be5 25. Bxe5 Qxe5+ 26. Qg3 Kf8
27. Bd3 Qxg3+ 28. Kxg3 Ke7 29. Nc4 b5 30. Na5 Ba8 31. axb5 axb5 32. Nxb5 Nxb5
1/2-1/2

[Event "PRVA LIGA CENTRALNE SRBIJE 2018."]
[Site "Kragujevac"]
[Date "2018.09.20"]
[Round "9.4"]
[White "Todorovic, Nenad I"]
[Black "Biljanic, Ljubomir"]
[Result "1/2-1/2"]
[WhiteElo "2291"]
[BlackElo "2212"]
[Annotator "Balkanchess"]
[PlyCount "71"]
[EventDate "2018.??.??"]
[WhiteClock "0:09:23"]
[BlackClock "0:30:38"]

1. e4 e5 2. Nf3 Nc6 3. Bb5 g6 4. d4 exd4 5. Bg5 Be7 6. h4 h6 7. Bf4 Nf6 8. Nbd2
a6 9. Ba4 b5 10. Bb3 Na5 11. e5 Nh5 12. Bh2 Bb7 13. Qe2 c5 14. a3 Nxb3 15. Nxb3
Qb6 16. Nbd2 Ng7 17. Ne4 Bxe4 18. Qxe4 Qc6 19. Qe2 Ne6 20. Bg3 g5 21. hxg5 Bxg5
22. Nxg5 Nxg5 23. f3 O-O-O 24. O-O-O Rhe8 25. f4 Ne4 26. Bh4 f6 27. Rde1 d5 28.
Bxf6 Nxf6 29. Rxh6 Rd6 30. Qd1 Rde6 31. Rxf6 Rxf6 32. exf6 Rxe1 33. Qxe1 Qxf6
34. Qe8+ Kc7 35. g3 Qg7 36. Kb1 1/2-1/2

[Event "PRVA LIGA CENTRALNE SRBIJE 2018."]
[Site "Kragujevac"]
[Date "2018.09.20"]
[Round "9.4"]
[White "Dimitrijevic, Nenad"]
[Black "Vuksanovic, Zvezdan"]
[Result "1/2-1/2"]
[WhiteElo "2216"]
[BlackElo "2158"]
[PlyCount "153"]
[EventDate "2018.??.??"]

1. d4 d6 2. Nf3 c6 3. c4 Nf6 4. Nc3 Nbd7 5. e4 e5 6. Be2 Be7 7. O-O O-O 8. Re1
Qc7 9. Bf1 Re8 10. h3 Nf8 11. a3 Ng6 12. d5 c5 13. b4 b6 14. bxc5 bxc5 15. Bd2
Bd7 16. Rb1 Reb8 17. Qc2 a6 18. g3 Ra7 19. Rxb8+ Qxb8 20. Rb1 Rb7 21. Rxb7 Qxb7
22. Ne1 Bd8 23. Nd1 Bc7 24. Bg2 Ne8 25. Kh2 Ne7 26. f4 exf4 27. gxf4 Ng6 28.
Nf3 Qb8 29. Nf2 Qd8 30. Qb2 Qf6 31. Qc1 Nh4 32. Nxh4 Qxh4 33. Be3 Qd8 34. f5
Qb8 35. Qc2 Bd8 36. Bf4 Bf6 37. Nd3 Bd4 38. Bf3 g6 39. fxg6 hxg6 40. h4 Nf6 41.
Qd1 Kg7 42. Kg3 Nh7 43. Bc1 Qd8 44. Qd2 Bc8 45. Qh6+ Kg8 46. Qf4 Qe7 47. Bb2
Bxb2 48. Nxb2 g5 49. hxg5 Qxg5+ 50. Qxg5+ Nxg5 51. e5 dxe5 52. Na4 f5 53. Nxc5
Nf7 54. Na4 f4+ 55. Kh4 Bf5 56. Bg4 Bc2 57. Nb6 e4 58. c5 e3 59. c6 Bf5 60. Bh5
Bg6 61. Bg4 Be4 62. c7 Nd6 63. Nc4 Nc8 64. d6 Bc6 65. Kg5 f3 66. Bxf3 Kf7 67.
Ne5+ Ke6 68. Nxc6 Kxd6 69. Nb4 Kxc7 70. Nxa6+ Kb6 71. Nb4 Kc5 72. Kf4 Nb6 73.
Be2 Kd4 74. Nc2+ Kc3 75. Nxe3 Kb3 76. Nc4 Nxc4 77. Bxc4+ 1/2-1/2

[Event "PRVA LIGA CENTRALNE SRBIJE 2018."]
[Site "Kragujevac"]
[Date "2018.09.20"]
[Round "9.5"]
[White "Soysal, Serkan"]
[Black "Petkov, Vladimir"]
[Result "1/2-1/2"]
[WhiteElo "2404"]
[BlackElo "2510"]
[PlyCount "77"]
[EventDate "2018.??.??"]

1. Nf3 d5 2. g3 g6 3. Bg2 Bg7 4. d4 Nf6 5. c4 c6 6. cxd5 cxd5 7. Nc3 O-O 8. Ne5
b6 9. O-O Bb7 10. Be3 e6 11. Rc1 Ne8 12. Qd2 f6 13. Nd3 Nd6 14. Bf4 Rf7 15.
Bxd6 Qxd6 16. Nb5 Qd8 17. Nf4 Na6 18. Nxe6 Qd7 19. Nxg7 Qxb5 20. Ne6 g5 21. f4
Re8 22. f5 Ree7 23. Qc2 Nc7 24. Nxc7 Rxc7 25. Qxc7 Rxc7 26. Rxc7 Ba6 27. Rfc1
Qxe2 28. Bxd5+ Kf8 29. Bg2 Bd3 30. R7c3 Bxf5 31. d5 Qxb2 32. Kh1 g4 33. Rc7 Bd7
34. Rf1 Bb5 35. Re1 Be2 36. Rc8+ Kg7 37. Rc7+ Kf8 38. Rc8+ Kg7 39. Rc7+ 1/2-1/2

[Event "PRVA LIGA CENTRALNE SRBIJE 2018."]
[Site "Kragujevac"]
[Date "2018.09.20"]
[Round "9.5"]
[White "Paunovic, Tomislav"]
[Black "Radovanovic, Nikola"]
[Result "0-1"]
[WhiteElo "2340"]
[BlackElo "2420"]
[Annotator "Balkanchess"]
[PlyCount "74"]
[EventDate "2018.??.??"]
[WhiteClock "0:01:06"]
[BlackClock "0:01:38"]

1. d4 d6 2. Nf3 Nf6 3. Bf4 g6 4. e3 Bg7 5. Be2 O-O 6. h3 Nfd7 7. O-O Nc6 8. c4
e5 9. Bh2 e4 10. Nfd2 f5 11. Nc3 g5 12. b4 Nf6 13. Qb3 Kh8 14. Rac1 Ne7 15. d5
Ng6 16. c5 a6 17. cxd6 cxd6 18. a4 Re8 19. Rfe1 f4 20. exf4 gxf4 21. Bf1 Bf5
22. a5 Rc8 23. Nc4 Nh5 24. Kh1 Nh4 25. Qd1 Rxc4 26. Bxc4 Qg5 27. Bf1 e3 28. f3
Ng3+ 29. Bxg3 Qxg3 30. Ne2 Qg5 31. Nd4 Bxh3 32. gxh3 Be5 33. Ne6 Qg3 34. Qe2
Rg8 35. Ng5 Rxg5 36. Rc8+ Kg7 37. Rc7+ Kh6 0-1

[Event "PRVA LIGA CENTRALNE SRBIJE 2018."]
[Site "Kragujevac"]
[Date "2018.09.20"]
[Round "9.5"]
[White "Barlov, Dragan"]
[Black "Todorovic, Bojan"]
[Result "1-0"]
[WhiteElo "2414"]
[BlackElo "2318"]
[Annotator "Balkanchess"]
[PlyCount "127"]
[EventDate "2018.??.??"]
[WhiteClock "0:02:02"]
[BlackClock "0:00:44"]

1. Nf3 Nf6 2. c4 g6 3. g3 Bg7 4. Bg2 O-O 5. O-O c6 6. d4 d5 7. cxd5 cxd5 8. Nc3
Ne4 9. e3 Nxc3 10. bxc3 Nc6 11. Nd2 Be6 12. Rb1 Qd7 13. Qe2 b6 14. Ba3 Rac8 15.
Qb5 Rfd8 16. Rfc1 Na5 17. Qxd7 Rxd7 18. Bf1 Rdc7 19. Ba6 Rd8 20. Bb4 Nc6 21.
Nb3 Bf5 22. Ra1 Nb8 23. Bf1 Rdc8 24. Ba3 Bf8 25. Bb2 Bd7 26. Nd2 Bc6 27. Bd3
Bb7 28. Kf1 e6 29. Ke2 Ba6 30. Bxa6 Nxa6 31. Kd3 Nb8 32. c4 Nc6 33. a3 dxc4+
34. Rxc4 b5 35. Rcc1 Na5 36. Rxc7 Rxc7 37. Bc3 Nc4 38. a4 Nxd2 39. Bxd2 bxa4
40. Rxa4 f5 41. f3 Kf7 42. e4 fxe4+ 43. fxe4 Rd7 44. Ra5 Rb7 45. Bc3 Ke8 46.
Ra6 Kd7 47. e5 Ke7 48. Ke4 Kf7 49. d5 exd5+ 50. Kxd5 Rd7+ 51. Ke4 Rc7 52. e6+
Ke8 53. Bd4 Bc5 54. Bxc5 Rxc5 55. Rxa7 Rh5 56. h4 Kf8 57. Rf7+ Ke8 58. Rc7 Kf8
59. Rd7 g5 60. Kd5 gxh4+ 61. Kd6 hxg3 62. Rd8+ Kg7 63. e7 Rh6+ 64. Ke5 1-0

[Event "PRVA LIGA CENTRALNE SRBIJE 2018."]
[Site "Kragujevac,hotel Sumarice"]
[Date "2018.09.20"]
[Round "9.5"]
[White "Jovanovic, Bojan P"]
[Black "Zlatanovic, Boroljub"]
[Result "1/2-1/2"]
[WhiteElo "2275"]
[BlackElo "2371"]
[PlyCount "36"]
[EventDate "2018.09.14"]
[WhiteTeam "Progres  Pirot"]
[BlackTeam "Radnicki Vodovod Kragujevac"]

1. e4 e6 2. d4 d5 3. Nd2 Nc6 4. Ngf3 Nf6 5. e5 Nd7 6. c3 f6 7. Bb5 a6 8. Bxc6
bxc6 9. O-O fxe5 10. Nxe5 Nxe5 11. dxe5 c5 12. Qh5+ g6 13. Qg4 Qd7 14. Nf3 Bg7
15. Qf4 Qf7 16. Qa4+ Qd7 17. Qf4 Qf7 18. Qa4+ Qd7 1/2-1/2

[Event "PRVA LIGA CENTRALNE SRBIJE 2018."]
[Site "Kragujevac,hotel Sumarice"]
[Date "2018.09.20"]
[Round "9.5"]
[White "Radovic, Luka"]
[Black "Arandjelovic, Aleksandar Z"]
[Result "1-0"]
[WhiteElo "2342"]
[BlackElo "2041"]
[PlyCount "133"]
[EventDate "2018.09.14"]
[WhiteTeam "Radnicki Vodovod Kragujevac"]
[BlackTeam "Progres  Pirot"]

1. Nf3 Nf6 2. c4 g6 3. g3 Bg7 4. Bg2 O-O 5. O-O d6 6. d4 Nc6 7. d5 Na5 8. Qa4
c5 9. Bd2 b6 10. Bc3 Rb8 11. Nbd2 Bf5 12. Nh4 Bd7 13. Qc2 b5 14. b3 Qc7 15. e4
e5 16. dxe6 fxe6 17. f4 b4 18. Bb2 e5 19. Rae1 Nc6 20. Ndf3 Bg4 21. Bc1 Bxf3
22. Nxf3 Nd4 23. Qd1 Rbe8 24. Nh4 exf4 25. gxf4 Qd8 26. Qd3 Nh5 27. Qh3 Bf6 28.
Nf5 Nxf5 29. exf5 Bd4+ 30. Kh1 Rxf5 31. Be4 Bc3 32. Re3 Rff8 33. f5 Bd4 34.
Ree1 Kg7 35. fxg6 Rxf1+ 36. Rxf1 hxg6 37. Qg4 Rxe4 38. Qxe4 Qd7 39. Qf3 Qe7 40.
Qg2 Bf6 41. Bb2 Bc3 42. Bc1 Bf6 43. Bd2 a5 44. Qf3 Kh7 45. Re1 Qg7 46. Qg2 Bc3
47. Rf1 Qd4 48. Bg5 Qd3 49. Qf3 Qc2 50. Rf2 Qb1+ 51. Kg2 Bd4 52. Be3 Be5 53.
Re2 Qd1 54. Bg5 Bd4 55. Kh3 Be5 56. Rg2 Qd4 57. Be3 Qd3 58. Rf2 Qc3 59. Kg2 Bd4
60. Re2 Be5 61. Bg5 Qd4 62. Rd2 Qa1 63. Qe4 Bd4 64. Kh3 Qf1+ 65. Rg2 Be5 66.
Be3 Bf4 67. Qxg6+ 1-0

[Event "PRVA LIGA CENTRALNE SRBIJE 2018."]
[Site "Kragujevac,hotel Sumarice"]
[Date "2018.09.20"]
[Round "9.5"]
[White "Manic, Ljubomir"]
[Black "Radovic, Janko"]
[Result "0-1"]
[WhiteElo "2115"]
[BlackElo "2405"]
[PlyCount "86"]
[EventDate "2018.09.14"]
[WhiteTeam "Progres  Pirot"]
[BlackTeam "Radnicki Vodovod Kragujevac"]

1. Nf3 c5 2. e3 g6 3. d4 Bg7 4. c4 Nf6 5. Nc3 O-O 6. d5 d6 7. Be2 e6 8. e4 exd5
9. exd5 a6 10. a4 Re8 11. O-O Nbd7 12. Bf4 Qc7 13. h3 Ne4 14. Qc2 Nxc3 15. bxc3
Ne5 16. Nxe5 Bxe5 17. Bxe5 Rxe5 18. Bd3 Qe7 19. f4 Re3 20. f5 Qg5 21. Rf2 Qg3
22. Be4 Bd7 23. Raf1 Re8 24. fxg6 hxg6 25. Rf3 Rxf3 26. Bxf3 Bxh3 27. Qb2 Kg7
28. Kh1 Bf5 29. Qd2 Qh4+ 30. Kg1 Qxc4 31. a5 Qd3 32. Qf4 Qxc3 33. g4 Bd3 34.
Be2 f5 35. Rc1 Qa3 36. Bf3 Qb2 37. Rd1 Be2 38. Rd2 Qc1+ 39. Kf2 Qf1+ 40. Kg3
Qg1+ 41. Bg2 Qe1+ 42. Kh2 Rh8+ 43. Bh3 Bxg4 0-1

[Event "PRVA LIGA CENTRALNE SRBIJE 2018."]
[Site "Kragujevac,hotel Sumarice"]
[Date "2018.09.20"]
[Round "9.6"]
[White "Popchev, Milko"]
[Black "Rakhmanov, Aleksandr"]
[Result "0-1"]
[WhiteElo "2267"]
[BlackElo "2647"]
[PlyCount "122"]
[EventDate "2018.09.14"]
[WhiteTeam "Krusik Valjevo"]
[BlackTeam "Vladimirci"]

1. d4 Nf6 2. Nf3 g6 3. g3 b6 4. Bg2 Bb7 5. O-O Bg7 6. c4 O-O 7. d5 e6 8. Nc3
exd5 9. cxd5 Re8 10. Nd4 Na6 11. b3 Nb4 12. e4 Ba6 13. Be3 Bxf1 14. Kxf1 a5 15.
Rc1 Na6 16. Ndb5 d6 17. f3 Nd7 18. Nd4 Ne5 19. f4 Nd7 20. Nc6 Qc8 21. Bd4 Nac5
22. Bxg7 Kxg7 23. Kg1 Nb8 24. Nd4 Qd8 25. Ncb5 Nba6 26. Qe2 Qf6 27. Re1 Nb4 28.
Qd2 Kg8 29. Re3 Nba6 30. h4 Qg7 31. Kh2 Nd7 32. Bf3 h5 33. Re2 Nf6 34. Kg2 Ng4
35. a3 Re7 36. Qc2 Rae8 37. Nc6 Rd7 38. Ncd4 Rde7 39. Nc6 Rd7 40. Ncd4 Nf6 41.
Nc6 Kh7 42. Qc4 Ng4 43. Nc3 Nb8 44. Nd4 Rde7 45. Ncb5 Kh8 46. Kg1 Nf6 47. Nc3
Kg8 48. Bg2 Kh8 49. Nf3 Ng8 50. Nb5 Nh6 51. Nbd4 Ng4 52. Ng5 Kg8 53. Bf3 Nd7
54. Kg2 Nf8 55. Kg1 Nh7 56. Nc6 Rd7 57. Bxg4 hxg4 58. e5 dxe5 59. fxe5 Nxg5 60.
hxg5 Qf8 61. Re4 Qxa3 0-1

[Event "PRVA LIGA CENTRALNE SRBIJE 2018."]
[Site "Kragujevac,hotel Sumarice"]
[Date "2018.09.20"]
[Round "9.6"]
[White "Damljanovic, Branko"]
[Black "Kostic, Vladimir G"]
[Result "1-0"]
[WhiteElo "2470"]
[BlackElo "2334"]
[PlyCount "93"]
[EventDate "2018.09.14"]
[WhiteTeam "Vladimirci"]
[BlackTeam "Krusik Valjevo"]

1. Nf3 Nf6 2. c4 g6 3. Nc3 Bg7 4. e4 O-O 5. d4 d6 6. Be2 e5 7. O-O Nbd7 8. Be3
c6 9. d5 c5 10. Rb1 h6 11. g3 Qe7 12. a3 Rd8 13. b4 b6 14. Qc1 Kh7 15. Nh4 Nf8
16. f3 Bh3 17. Ng2 Ng8 18. Nd1 h5 19. Nf2 Bxg2 20. Kxg2 Bh6 21. h4 Nd7 22. Bd1
Bxe3 23. Qxe3 cxb4 24. axb4 a5 25. Ba4 axb4 26. Bxd7 Ra3 27. Qxb6 Rxd7 28. Qxb4
Rda7 29. Rb3 Ra2 30. Rb2 R2a3 31. Rc2 R7a4 32. Qd2 Qa7 33. Rb1 Ra2 34. c5 Rxc2
35. Qxc2 Ra2 36. Qb3 dxc5 37. Qb7 Nf6 38. Qxa7 Rxa7 39. Rb6 Kg7 40. Rc6 Nd7 41.
Nd3 Ra2+ 42. Kf1 Rc2 43. Rc7 Rc3 44. Ke2 c4 45. Nb4 Rb3 46. Nc6 Rb2+ 47. Kd1
1-0

[Event "PRVA LIGA CENTRALNE SRBIJE 2018."]
[Site "Kragujevac,hotel Sumarice"]
[Date "2018.09.20"]
[Round "9.6"]
[White "Ivanovic, Dragutin"]
[Black "Nestorovic, Nikola"]
[Result "0-1"]
[WhiteElo "2307"]
[BlackElo "2453"]
[PlyCount "98"]
[EventDate "2018.09.14"]
[WhiteTeam "Krusik Valjevo"]
[BlackTeam "Vladimirci"]

1. Nf3 d5 2. g3 g6 3. Bg2 Bg7 4. O-O e5 5. c4 dxc4 6. Na3 Nc6 7. Nxc4 Nge7 8.
d3 O-O 9. Rb1 a5 10. a4 h6 11. b3 Nd5 12. Bb2 Re8 13. Rc1 Ndb4 14. Ne1 Qe7 15.
Nc2 Ra7 16. Nxb4 Nxb4 17. Qd2 b6 18. Ba3 Bb7 19. Bxb7 Rxb7 20. Bxb4 axb4 21. e4
c6 22. a5 b5 23. Nb6 Qd6 24. Qc2 Re6 25. Ra1 Qd8 26. Rfc1 Bf8 27. Qe2 Ra7 28.
Qe3 Ra6 29. Rd1 Rd6 30. Qd2 Rd4 31. Qc2 Qd6 32. Qe2 h5 33. Kg2 Qe6 34. Qc2 h4
35. f3 Be7 36. Rdc1 Bg5 37. Rd1 Kh7 38. Ra2 Kg7 39. Raa1 Bd8 40. Qc5 h3+ 41.
Kg1 Qxb3 42. Qxe5+ Bf6 43. Qf4 Qb2 44. Qd2 Qxd2 45. Rxd2 Rxd3 46. Rxd3 Bxa1 47.
Nd7 Rxa5 48. Nc5 Ra3 49. Rd1 Bc3 0-1